000 00336nam a22001577a 4500
003 SGT
020 _a978-81-8191-439-2
082 _a611
_bH15P
100 _aPAL, G.P.
245 _aTB.. OF HISTOLOGY
250 _a4TH
260 _aINDIA
_bPARAS MEDICAL PUB.
_c2015
300 _a475
650 _aHUMAN ANATOMY
942 _2ddc
_cBK
999 _c20109
_d20109